00696nam a22002177a 450000500170000001000260001702000260004302000230006903500130009203500170010503500130012203700190013503700130015408200120016710000220017924500770020126000450027827000630032330000420038650000500042820180305155248.0 aBAC-EN21 ENG-111471 a9780198098485c595.00 a0198098480c595.00 aEN-95003 aB-587647-659 aB-664968 bUppal/Venadpl bDBAD/PUB a320.954 aMitra, Subrata K. aPolitics in India :cSubrata K. Mitrabstructures, process, and policy / aNew DelhibOxford University Pressc2014 aYMCA Library Building, 1 Jai Singh RoadbNew Delhie110001 axxxii, 405p. :bmaps, ill.c23cm(pbk) aIncludes bibliographical references and index